000 00464nam a2200193Ia 4500
008 240510s9999 xx 000 0 und d
020 _a0000818672005
041 _aEng
082 _a006.3
082 _bB25
100 _aBENDER, E.A.:
245 0 _aMATHEMATICAL METHODS IN ARTIFICIAL INTELLIGENCE
260 _bTOKYO : IEEE
260 _c1996
300 _a636 p.
650 _aARTIFICIAL INTELLIGENCE : EXPERT SYSTEMS
942 _2ddc
942 _cRBK
999 _c27158
_d27158
945 _a1
_bMadushi Gamage
_c1
_dMadushi Gamage